000 00585nam a2200181Ia 4500
003 GCL
008 140319s9999 xx 000 0 ara d
040 _aGCL /
_cGCL
082 0 4 _a633.1
_bس ث
100 1 _aسلطان راشد الكوارى
245 1 0 _aالثروة الزراعية /
_cسلطان راشد الكوارى
300 _a41 ص
490 _aالهيئة العامة للاستعلامات
_v0
650 0 4 _aالزراعة, قطر
650 0 4 _aالاراضى الزراعية - قطر
650 0 4 _aالمحاصيل الزراعية, قطر
942 _2ddc
_cBK
999 _c47097
_d47097